000 01136 a2200337 4500
999 _c200129738
_d31461
001 200129738
003 TR-AnTOB
005 20240910102930.0
008 130610s2011 tu 000 0
020 _a9786055882150
040 _aTR-AnTOB
_beng
_cTR-AnTOB
_erda
041 _atur
050 _aBF637.S8
_bS86 2011
090 _aBF637.S8 S86 2011
100 1 _aSungur, Yasemin
_990516
245 1 0 _aKariyer'im gelecek mi? :
_bGeleceğini planlayan insanın modern el kitabı /
_cYasemin Sungur.
246 _aKariyerim gelecek mi
264 1 _aİstanbul :
_bMOSS Yayın,
_c2011.
300 _a238 sayfa. ;
_c21 cm.
336 _2rdacontent
_atext
_btxt
337 _2rdamedia
_aunmediated
_bn
338 _2rdacarrier
_avolume
_bnc
650 0 _aSuccess
_xPsychological aspects
_9100773
650 0 _aSelf-actualization (Psychology)
_xSocial aspects
_990517
650 0 _aKendini gerçekleştirme (Psikoloji)
_xSosyal yönleri
_990518
650 0 _aSelf-perception
_xSocial aspects
_990519
650 0 _aÖzalgı
_xSosyal yönleri
_990520
650 0 _aBaşarı
_xPsikolojik yönleri
_9106321
942 _cBK
_2lcc